000 01587pab a2200181 454500
008 180718b2007 xxu||||| |||| 00| 0 eng d
100 _aGueldenberg, Stefan
245 _aBridging `the great divide': Nonaka's synthesis of `western' and `eastern' knowledge concepts reassessed
260 _c2007
300 _ap.101-22.
362 _aJan
520 _aKnowledge management remains one of the most debated topics in current management literature. In particular, Nonaka's interpretation of Polanyi's distinction between explicit and tacit knowledge and his approach of framing the knowledge generation process in terms of an interaction between `Western' (predominately explicit) and `Eastern' (predominantly tacit) knowledge types have been repeatedly discussed and criticized. In this context, management research increasingly has to address questions pertaining to philosophical theories. The present article offers a critical investigation of Nonaka's philosophical assumptions and thus sheds light on the core issues pertaining to the nature of knowledge underlying thecurrent controversial discourse on this subject. The strengths and weaknesses of Nonaka's quest to integrate `Western' and ~Eastern' knowledge into the framework of his comprehensive knowledge creation theory will be outlined at the end of a thorough investigation of the salient epistemological notions cited by Nonaka as the basis for his knowledge creation theory. - Reproduced.
650 _aKnowledge management
700 _aHelting, Holger
773 _aOrganization
908 _aN
909 _a73163
999 _c73163
_d73163